Names of Famous People in Katakana - Statistics

General Stats
  • This quiz has been taken 199 times
  • The average score is 12 of 26
Answer Stats
Katakana English % Correct
マイケル・ジャクソン Michael Jackson
89%
アンジェリナー・ジョリー Angelina Jolie
69%
マドンナ Madonna
63%
ビヨンセ Beyonce
59%
レディー・ガガ Lady Gaga
59%
キム・カーダシアン Kim Kardashian
56%
バラック・オバマ Barack Obama
55%
アブラハム・リンカーン Abraham Lincoln
54%
ドナルド・トランプ Donald Trump
53%
ジャスティン・ビーバー Justin Bieber
50%
ブリトニー・スピアーズ Britney Spears
49%
カニエ・ウェスト Kanye West
47%
エルヴィス・プレスリー Elvis Presley
46%
ミック・ジャガー Mick Jagger
46%
キム・テヨン Kim Taeyeon
45%
カート・コバーン Kurt Cobain
42%
マリリン・モンロー Marilyn Monroe
37%
ジークムント・フロイト Sigmund Freud
37%
ジョージ・ワシントン George Washington
36%
ジョン・レノン John Lennon
36%
ハリエット・タブマン Harriet Tubman
33%
ブラッド・ピット Brad Pitt
31%
ジンギス・カン Genghis Khan
30%
アメリア・イヤーハート Amelia Earhart
29%
ウィリアム・シェイクスピア William Shakespeare
26%
セガガウェ Sacagawea
2%
No matching quizzes found
Score Distribution
Percent of People with Each Score
Percentile by Number Answered
Your Score History
You have not taken this quiz